| 000 | 01912nam0a2200349 i 4500 | ||
|---|---|---|---|
| 001 | RU\NLR\BIBL_A\012633021 | ||
| 005 | 20241114181051.0 | ||
| 010 |
_a9785446917266 _9300 |
||
| 035 | _a(NLR Aleph) 012633021 | ||
| 090 |
_a12672715 _c12672715 |
||
| 100 | _a20211027d2020 k y0rusy50 ca | ||
| 101 | 0 | _arus | |
| 102 | _aRU | ||
| 105 | _ac|||z|||001zy | ||
| 181 | 0 |
_ai _baxxe |
|
| 182 | 0 | _an | |
| 200 | 1 |
_aЛекции по русской истории _iСеверо-Восточная Русь и Московское государство _fА.Е. Пресняков _gподготовил к изданию Б.А. Романов _gпубликацию по корректуре Б.А. Романова подготовил А.В. Карпов _gпод ред. Б.С. Кагановича и В.Г. Вовиной-Лебедевой _gРоссийская академия наук, Санкт-Петербургский институт истории |
|
| 203 |
_aТекст _bвизуальный _cнепосредственный |
||
| 210 |
_aСанкт-Петербург _cНестор-История _d2020 |
||
| 215 |
_a355, [1] с., [1] л. портр. _d22 |
||
| 320 | _aБиблиогр. в подстроч. примеч. | ||
| 320 | _aДр. кн. авт.: с. 5 | ||
| 320 | _aУказ. имен / сост.: Л.Б. Вольфцун: с. 342-355 | ||
| 607 |
_aСеверо-Восточная Русь _xИстория _z10 - 14 вв. _91603935 _3RU\NLR\AUTH\661004567 |
||
| 607 |
_aМосковское государство _xИстория _z14 - 16 вв. _92146118 _3RU\NLR\AUTH\661292953 |
||
| 686 | 1 | _aТ3(2)43,02 | |
| 686 | 1 | _aТ3(2)44,02 | |
| 700 | 1 |
_7ca _8rus _aПресняков _bА. Е. _f1870-1929 _gАлександр Евгеньевич _9266375 _3RU\NLR\AUTH\770266431 |
|
| 942 | _cBOOK | ||
| 980 | _aNBR | ||